Sports Quiz

Random Sports or French Quiz

French Open Mens 4th Round 2000s Quiz Stats

 Plays Quiz not verified by Sporcle

Challenge
Share
Tweet
Embed
Score 0/288 Timer 14:00
0 Plays Today
Year Name % Correct
2015Rafael Nadal
100%
2017Rafael Nadal
100%
2018Rafael Nadal
100%
2018Dominic Thiem
100%
2018Juan Martin del Potro
100%
2018Marco Cecchinato
100%
2018Diego Schwartzman
100%
2018Marin Cilic
100%
2018Noavk Djokovic
100%
2018Alexander Zverev
100%
2018Kevin Anderson
100%
2018Fabio Fognini
100%
2018John Isner
100%
2018David Goffin
100%
2018Fernando Verdasco
100%
2018Kei Nishikori
100%
2018Karen Khachanov
100%
2005Rafael Nadal
99.5%
2006Rafael Nadal
99.5%
2007Rafael Nadal
99.5%
2008Rafael Nadal
99.5%
2009Rafael Nadal
99.5%
2010Rafael Nadal
99.5%
2017Stanislas Wawrinka
99.4%
2017Novak Djokovic
99.4%
2012Rafael Nadal
99.3%
2001Roger Federer
99.2%
2005Roger Federer
99.2%
2006Roger Federer
99.2%
2007Roger Federer
99.2%
2008Roger Federer
99.2%
2009Roger Federer
99.2%
2010Roger Federer
99.2%
2013Rafael Nadal
99.2%
2015Novak Djokovic
99%
2014Rafael Nadal
99%
2016Novak Djokovic
99%
2012Roger Federer
98.8%
2017Andy Murray
98.7%
2013Roger Federer
98.5%
2015Stanislas Wawrinka
98.5%
2015Roger Federer
98.5%
2012Novak Djokovic
98.5%
2016Stanislas Wawrinka
98.5%
2016David Ferrer
98.5%
2014Roger Federer
98.2%
2013Novak Djokovic
98.1%
2015David Ferrer
98%
2012David Ferrer
98%
2014Novak Djokovic
98%
2016Andy Murray
98%
2006Novak Djokovic
97.6%
2007Novak Djokovic
97.6%
2008Novak Djokovic
97.6%
2010Novak Djokovic
97.6%
2015Andy Murray
97.5%
2013David Ferrer
97.5%
2014Andy Murray
97.2%
2012Andy Murray
97%
2014David Ferrer
97%
2005David Ferrer
96.8%
2008David Ferrer
96.8%
2012Jo Wilfried Tsonga
96.7%
2009Andy Murray
96.3%
2010Andy Murray
96.3%
2013Jo Wilfried Tsonga
96.2%
2015Jo-Wilfried Tsonga
96.1%
2001Andre Agassi
95.8%
2002Andre Agassi
95.8%
2003Andre Agassi
95.8%
2009Robin Soderling
95.7%
2010Robin Soderling
95.7%
2015Gael Monfils
95.6%
2017Gael Monfils
95.5%
2014Jo-Wilfried Tsonga
95.5%
2001Juan Carlos Ferrero
94.8%
2002Juan Carlos Ferrero
94.8%
2003Juan Carlos Ferrero
94.8%
2009Jo Wilfried Tsonga
94.5%
2010Jo Wilfried Tsonga
94.5%
2014Gael Monfils
94.5%
2016Richard Gasquet
94.4%
2017Dominic Thiem
94.2%
2015Richard Gasquet
94.1%
2001Gustavo Kuerten
94.1%
2002Gustavo Kuerten
94.1%
2003Gustavo Kuerten
94.1%
2004Gustavo Kuerten
94.1%
2016John Isner
93.9%
2006Gael Monfils
93.6%
2008Gael Monfils
93.6%
2009Gael Monfils
93.6%
2017Marin Cilic
92.9%
2001Lleyton Hewitt
92.9%
2002Lleyton Hewitt
92.9%
2004Lleyton Hewitt
92.9%
Year Name % Correct
2006Lleyton Hewitt
92.9%
2007Lleyton Hewitt
92.9%
2013Stanislas Wawrinka
92.6%
2012Tomas Berdych
92%
2014Tomas Berdych
92%
2013Richard Gasquet
91.8%
2009Andy Roddick
91.7%
2015Tomas Berdych
91.7%
2017Kei Nishikori
91.7%
2012Juan Martin Del Potro
91.4%
2016Tomas Berdych
91.3%
2015Marin Cilic
91.2%
2012Stanislas Wawrinka
91%
2012Richard Gasquet
91%
2016Kei Nishikori
90.8%
2014John Isner
90.7%
2006Tomas Berdych
90.5%
2010Tomas Berdych
90.5%
2015Kei Nishikori
90.2%
2002Gaston Gaudio
89.9%
2004Gaston Gaudio
89.9%
2005Gaston Gaudio
89.9%
2006Gaston Gaudio
89.9%
2016Dominic Thiem
89.8%
2009Juan Martin Del Potro
89.5%
2004David Nalbandian
89.3%
2005David Nalbandian
89.3%
2006David Nalbandian
89.3%
2007David Nalbandian
89.3%
2002Marat Safin
89%
2004Marat Safin
89%
2005Marat Safin
89%
2013Tommy Haas
88.9%
2005Nikolay Davydenko
88.8%
2006Nikolay Davydenko
88.8%
2007Nikolay Davydenko
88.8%
2009Nikolay Davydenko
88.8%
2017Fernando Verdasco
88.5%
2003Guillermo Coria
86.8%
2004Guillermo Coria
86.8%
2005Guillermo Coria
86.8%
2013Gilles Simon
86.8%
2015Gilles Simon
86.8%
2016Milos Raonic
86.7%
2014Milos Raonic
86.7%
2017Kevin Anderson
86.5%
2002Tommy Haas
86.2%
2009Tommy Haas
86.2%
2014Fernando Verdasco
86.2%
2017Milos Raonic
85.9%
2016David Goffin
85.7%
2017Pablo Carreno Busta
85.3%
2010Stanislas Wawrinka
84.8%
2013Kei Nishikori
84.7%
2004Tim Henman
84.6%
2003Fernando Gonzalez
84.3%
2008Fernando Gonzalez
84.3%
2009Fernando Gonzalez
84.3%
2013Mikhail Youzhny
84%
2003Carlos Moya
83.8%
2004Carlos Moya
83.8%
2005Carlos Moya
83.8%
2007Carlos Moya
83.8%
2002Albert Costa
83.7%
2003Albert Costa
83.7%
2011Rafael Nadal
83.7%
2011Roger Federer
83.4%
2012Nicolas Almagro
83.3%
2007Fernando Verdasco
83.1%
2008Fernando Verdasco
83.1%
2009Fernando Verdasco
83.1%
2010Fernando Verdasco
83.1%
2011Novak Djokovic
83%
2013Tommy Robredo
83%
2011David Ferrer
82.7%
2013Nicolas Almagro
82.6%
2007Mikhail Youzhny
81.9%
2010Mikhail Youzhny
81.9%
2011Andy Murray
81.8%
2014Ernests Gulbis
81.4%
2011Robin Soderling
81.2%
2004Feliciano Lopez
80.9%
2009Marin Cilic
80.6%
2010Marin Cilic
80.6%
2006Ivan Ljubicic
80.5%
2008Ivan Ljubicic
80.5%
2017Roberto Bautista-Agut
80.1%
2011Gael Monfils
79.9%
2016Ernests Gulbis
79.6%
2008Nicolas Almagro
79.6%
2010Nicolas Almagro
79.6%
2001Yevgeny Kafelnikov
79.2%
2013Philipp Kohlschreiber
78.8%
2012Janko Tipsarevic
78.4%
2001Tommy Robredo
78.1%
2003Tommy Robredo
78.1%
Year Name % Correct
2004Tommy Robredo
78.1%
2005Tommy Robredo
78.1%
2006Tommy Robredo
78.1%
2007Tommy Robredo
78.1%
2009Tommy Robredo
78.1%
2016Roberto Bautista-Agut
78.1%
2005Mariano Puerta
77.2%
2011Richard Gasquet
76.6%
2001Sebastien Grosjean
75.8%
2002Sebastien Grosjean
75.8%
2005Sebastien Grosjean
75.8%
2001Alex Corretja
75.7%
2002Alex Corretja
75.7%
2016Viktor Troicki
75.5%
2011Stanislas Wawrinka
75.3%
2010Jurgen Melzer
74.9%
2017Albert Ramos-Vinolas
74.4%
2014Kevin Anderson
74.1%
2012Juan Monaco
73%
2013Viktor Troicki
72.9%
2011Gilles Simon
72.6%
2015Jack Sock
72.5%
2006Mario Ancic
72.1%
2003Arnaud Clement
71.6%
2012Andreas Seppi
71.3%
2013Kevin Anderson
71%
2008Radek Stepanek
70.9%
2011Ivan Ljubicic
70.2%
2015Jeremy Chardy
70.1%
2009Philipp Kohlschreiber
70.1%
2003Martin Verkerk
69.4%
2005Nicolas Kiefer
69.4%
2007Juan Monaco
68.4%
2001Guillermo Canas
68.2%
2002Guillermo Canas
68.2%
2005Guillermo Canas
68.2%
2007Guillermo Canas
68.2%
2004Juan Ignacio Chela
67%
2006Julien Benneteau
66.7%
2008Julien Benneteau
66.7%
2007Marcos Baghdatis
66.4%
2016Albert Ramos-Vinolas
64.8%
2011Fabio Fognini
63.5%
2008Ernests Gulbis
63.4%
2004Michael Llodra
63.3%
2008Michael Llodra
63.3%
2014Guillermo Garcia-Lopez
62.6%
2001Thomas Enqvist
62.4%
2014Marcel Granollers
62.3%
2017Karen Khachanov
62.2%
2017Horacio Zeballos
60.9%
2016Marcel Granollers
60.7%
2002Xavier Malisse
60.5%
2004Xavier Malisse
60.5%
2011Viktor Troicki
60.5%
2003Rainer Schuttler
60.3%
2007Jonas Bjorkman
60%
2006Alberto Martin
59.9%
2002Paul Henri Mathieu
59.7%
2008Paul Henri Mathieu
59.7%
2011Juan Ignacio Chela
58.3%
2010Thomaz Bellucci
58.1%
2001Fabrice Santoro
57.7%
2012David Goffin
57.5%
2003Jarkko Nieminen
56.9%
2008Robby Ginepri
56.9%
2010Robby Ginepri
56.9%
2012Marcel Granollers
56.9%
2003Jiri Novak
55.8%
2004Igor Andreev
53.7%
2007Igor Andreev
53.7%
2008Jeremy Chardy
52.1%
2005Victor Hanescu
50.6%
2009Victor Hanescu
50.6%
2011Albert Montanes
48.5%
2001Franco Squillari
48.2%
2014Dusan Lajovic
47.2%
2004Nicolas Escude
47%
2015Teymuraz Gabashvili
46.1%
2002Andrei Pavel
41.9%
2003Felix Mantilla
41.9%
2007Filippo Volandri
41.8%
2011Alejandro Falla
37.4%
2005Jose Acasuso
36.5%
2010Teimuraz Gabashvili
36.1%
2001Wayne Arthurs
34.3%
2002Mariano Zabaleta
33.5%
2003Mariano Zabaleta
33.5%
2001Michael Russell
33%
2006Ruben Ramirez Hidalgo
27.6%
2002Arnaud di Pasquale
22.9%
2004Olivier Mutis
22.6%
2001Galo Blanco
21.6%
2003Flavio Saretta
20.5%
2006Martin Vassallo Arguello
20%
2018Maximilian Marterer
0%

You're not logged in!

Compare scores with friends on all Sporcle quizzes.
Join for Free
OR
Log In

You Might Also Like...

Show Comments

Extras

Top Quizzes Today


Score Distribution

Your Account Isn't Verified!

In order to create a playlist on Sporcle, you need to verify the email address you used during registration. Go to your Sporcle Settings to finish the process.

Report this User

Report this user for behavior that violates our Community Guidelines.

Details: